Clickable Chess Moves - Statistics

General Stats
  • This quiz has been taken 3,123 times
  • The average score is 112 of 125
Answer Stats
Question Tile Select % Correct
legal moves for the King No
98%
legal moves for the King No
98%
legal moves for the King No
98%
legal moves for the King No
98%
legal moves for the King No
98%
legal moves for the King No
98%
legal moves for the King No
98%
legal moves for the King No
98%
legal moves for the King No
98%
legal moves for the King No
98%
legal moves for the King No
98%
legal moves for the King No
98%
legal moves for the King No
97%
legal moves for the King Yes
95%
legal moves for the King Yes
95%
legal moves for the King No
93%
legal moves for the King No
93%
legal moves for the King No
93%
legal moves for the Bishop No
92%
legal moves for the Bishop No
92%
legal moves for the Bishop No
92%
legal moves for the Bishop No
92%
legal moves for the Bishop No
92%
legal moves for the Bishop No
92%
legal moves for the Bishop No
92%
legal moves for the Bishop No
92%
legal moves for the Bishop No
92%
legal moves for the Bishop No
92%
legal moves for the Bishop No
92%
legal moves for the Bishop No
92%
legal moves for the Bishop No
91%
legal moves for the Knight No
91%
legal moves for the Knight No
91%
legal moves for the Knight No
91%
legal moves for the Knight No
91%
legal moves for the Knight No
91%
legal moves for the Knight No
91%
legal moves for the Knight No
91%
legal moves for the Bishop No
91%
legal moves for the Bishop No
91%
legal moves for the Bishop No
91%
legal moves for the Knight No
91%
legal moves for the Knight No
91%
legal moves for the Knight No
91%
legal moves for the Rook No
91%
legal moves for the Rook No
91%
legal moves for the Rook No
91%
legal moves for the Rook No
91%
legal moves for the Rook No
91%
legal moves for the Rook No
91%
legal moves for the Rook No
91%
legal moves for the Rook No
91%
legal moves for the Knight No
90%
legal moves for the Knight No
90%
legal moves for the King > No
90%
legal moves for the King Yes
90%
legal moves for the Knight No
90%
legal moves for the Knight No
90%
legal moves for the Knight No
90%
legal moves for the Queen No
90%
legal moves for the King Yes
89%
legal moves for the Knight No
89%
legal moves for the Knight No
89%
legal moves for the King Yes
89%
legal moves for the Queen No
89%
legal moves for the Queen No
89%
legal moves for the Queen No
89%
legal moves for the Queen No
89%
legal moves for the Queen No
89%
legal moves for the Queen No
89%
legal moves for the King Yes
88%
legal moves for the King Yes
88%
legal moves for the King Yes
88%
legal moves for the Rook Yes
88%
legal moves for the Rook Yes
88%
legal moves for the Queen Yes
88%
legal moves for the Queen Yes
88%
legal moves for the Queen Yes
88%
legal moves for the Queen Yes
88%
legal moves for the Rook No
87%
legal moves for the Rook No
87%
legal moves for the Rook No
87%
legal moves for the Rook No
87%
legal moves for the Rook No
87%
legal moves for the Rook Yes
87%
legal moves for the Rook No
87%
legal moves for the Rook No
87%
legal moves for the Queen No
87%
legal moves for the Queen Yes
87%
legal moves for the Queen Yes
87%
legal moves for the Queen Yes
87%
legal moves for the Knight > No
87%
legal moves for the Bishop No
87%
legal moves for the Bishop No
87%
legal moves for the Rook Yes
87%
legal moves for the Rook No
86%
legal moves for the Queen No
86%
legal moves for the Queen Yes
86%
legal moves for the Queen Yes
86%
legal moves for the Queen Yes
86%
legal moves for the Queen Yes
86%
legal moves for the Bishop > No
86%
legal moves for the Knight Yes
86%
legal moves for the Rook > No
85%
legal moves for the Knight No
85%
legal moves for the Queen No
85%
legal moves for the Bishop Yes
84%
legal moves for the Bishop Yes
84%
legal moves for the Bishop Yes
84%
legal moves for the Bishop Yes
84%
legal moves for the Bishop Yes
84%
legal moves for the Bishop Yes
84%
legal moves for the Queen > No
84%
legal moves for the Knight Yes
84%
legal moves for the Rook Yes
84%
legal moves for the Rook Yes
84%
legal moves for the Rook Yes
84%
legal moves for the Queen Yes
84%
legal moves for the Knight Yes
83%
legal moves for the Rook Yes
83%
legal moves for the Knight Yes
82%
legal moves for the Knight Yes
82%
legal moves for the Queen Yes
82%
legal moves for the Knight Yes
81%
legal moves for the Queen Yes
80%
No matching quizzes found
Score Distribution
Percent of People with Each Score
Percentile by Number Answered
Your Score History
You have not taken this quiz